Immigrazione Dossier Statistico 2010 (Record no. 336547)

MARC details
000 -LEADER
campo di controllo lung. fissa nam a22 7a 4500
003 - Identificatore del numero di controllo
campo di controllo IT-MiCISF
005 - Data e orario dell'ultima transazione
campo di controllo 20170331110904.0
008 - Elementi di lunghezza fissa--Informazione generale
campo di controllo lung. fissa 170331b xxu||||| |||| 00| 0 eng d
040 ## - Fonte della catalogazione
Agenzia che fa la trascrizione IT-MiCISF
041 ## - Codice di lingua
Codice di lingua del testo/traccia sonora o titolo separato it
100 ## - Accesso principale -- nome di persona
Nome di persona Caritas e Migrantes
9 (RLIN) 56320
245 ## - Formulazione del titolo
Titolo Immigrazione Dossier Statistico 2010
Complemento del titolo 20° Rapporto
260 ## - Pubblicazione, distribuzione, ecc. (stampa)
Luogo di pubblicazione, distribuzione, ecc. Roma
Nome dell'editore, distributore, ecc. Idos
Data di pubblicazione, distribuzione, ecc. 2010
300 ## - Descrizione fisica
Estensione pp. 512
500 ## - Nota generale
Nota generale famiglia-migranti, lavoro, integrazione, società-multiculturale
650 ## - Accesso aggiunto di soggetto--termine topico
Termine topico o nome geografico come accesso popolazione
9 (RLIN) 56086
654 ## - Accesso aggiunto di soggetto--termini topici faccettati
Termine principale dossier
942 ## - Dati aggiuntivi (Koha)
Fonte della classificazione o dello schema di collocazione (segnatura) Dewey Decimal Classification
Tipo copia default (Koha) LIBRO
Holdings
Ritirato (status) Perso (status) Fonte della classificazione o dello schema di collocazione (segnatura) Danneggiato (status) Non per il presito Biblioteca proprietaria Biblioteca in cui si trova Data d'acquisizione Totale prestiti Collocazione Data ultima operazione Prezzo in vigore dal Tipo copia default (Koha)
    Dewey Decimal Classification Buone Condizioni Not For Loan CISF - Milano CISF - Milano 31/03/2017   b7253 31/03/2017 31/03/2017 LIBRO
CREDITS: SOCIETA' SAN PAOLO Via A.Severo, 58 - ROMA (RM) & PERIODICI SAN PAOLO SRL Via Giotto, 36 MILANO & CISF Via Giotto, 36 MILANO & EDIZIONI SAN PAOLO SRL,  Piazza Soncino, 5 CINISELLO BALSAMO (MI) -- ITALY